|
|
|
|
| LEADER |
00000nam2a2200000 4500 |
| 001 |
299729 |
| 005 |
20231102001230.0 |
| 035 |
|
|
|a (RuTPU)RU\TPU\book\324881
|
| 035 |
|
|
|a RU\TPU\book\271181
|
| 090 |
|
|
|a 299729
|
| 100 |
|
|
|a 20150702d1982 k y0rusy5003 ca
|
| 101 |
0 |
|
|a rus
|
| 102 |
|
|
|a LV
|
| 105 |
|
|
|a y z 100zy
|
| 200 |
0 |
|
|a Т. 1 : Пузырьковое, переходное и пленочное кипение. Кризисные явления
|
| 210 |
|
|
|d 1982
|
| 461 |
|
1 |
|0 (RuTPU)RU\TPU\book\112132
|t Теплофизика и гидрогазодинамика процессов кипения и конденсации
|o материалы
|f Рижский политехнический институт ; Академия наук СССР (АН СССР), Научный совет по комплексной проблеме "Теплофизика и теплоэнергетика" ; Академия наук Латвийской ССР (АН ЛатССР), Институт физики (ИФ)
|v Т. 1 : Пузырьковое, переходное и пленочное кипение. Кризисные явления
|d 1982
|
| 606 |
1 |
|
|a Кипение
|x (теплофизика)
|2 stltpush
|3 (RuTPU)RU\TPU\subj\14390
|9 40790
|
| 610 |
1 |
|
|a гидрогазодинамика
|
| 610 |
1 |
|
|a конденсация
|
| 610 |
1 |
|
|a пузырьковое кипение
|
| 610 |
1 |
|
|a пленочное кипение
|
| 610 |
1 |
|
|a переходное кипение
|
| 610 |
1 |
|
|a теплообмен
|
| 610 |
1 |
|
|a жидкости
|
| 610 |
1 |
|
|a криогенные жидкости
|
| 610 |
1 |
|
|a кризисные явления
|
| 610 |
1 |
|
|a конференции
|
| 610 |
1 |
|
|a конференции
|
| 610 |
1 |
|
|a Рига
|
| 675 |
|
|
|a 536.423(063)
|v 3
|
| 801 |
|
0 |
|a RU
|b RuMRKP
|c 19950417
|g psbo
|
| 801 |
|
1 |
|a RU
|b 63413507
|c 20140201
|
| 801 |
|
2 |
|a RU
|b 63413507
|c 20190227
|g RCR
|
| 942 |
|
|
|c BK
|